Bookhive's a complete comprehensive courseware for NIFT/NID admission test : (Record no. 134576)
[ view plain ]
| 000 -LEADER | |
|---|---|
| fixed length control field | 00731nam a22002177a 4500 |
| 005 - DATE AND TIME OF LATEST TRANSACTION | |
| control field | 20170124110229.0 |
| 010 ## - LIBRARY OF CONGRESS CONTROL NUMBER | |
| LC control number | A-948510 |
| 020 ## - INTERNATIONAL STANDARD BOOK NUMBER | |
| Terms of availability | 225.00 |
| 035 ## - SYSTEM CONTROL NUMBER | |
| System control number | A-948510 |
| 037 ## - SOURCE OF ACQUISITION | |
| Source of stock number/acquisition | Cen Lib/Ret |
| 040 ## - CATALOGING SOURCE | |
| Original cataloging agency | DPL |
| Language of cataloging | EN |
| 082 ## - DEWEY DECIMAL CLASSIFICATION NUMBER | |
| Classification number | 000 |
| Item number | PRA |
| 100 ## - MAIN ENTRY--PERSONAL NAME | |
| Personal name | Prashant Kumar |
| 9 (RLIN) | 6967 |
| 245 ## - TITLE STATEMENT | |
| Title | Bookhive's a complete comprehensive courseware for NIFT/NID admission test : |
| Statement of responsibility, etc | by Prashant Kumar |
| Remainder of title | professional coverage on creative ability / |
| 260 ## - PUBLICATION, DISTRIBUTION, ETC. (IMPRINT) | |
| Place of publication, distribution, etc | Gurgaon |
| Name of publisher, distributor, etc | Cosmos Bookhive |
| Date of publication, distribution, etc | 1999 |
| 270 ## - ADDRESS | |
| Address | 831, Phase-V, Udyog Vihar |
| City | Haryana |
| 300 ## - PHYSICAL DESCRIPTION | |
| Extent | various pagings. : |
| Dimensions | 24cm(Hb) |
| Other physical details | ill. |
| 650 ## - SUBJECT ADDED ENTRY--TOPICAL TERM | |
| Topical term or geographic name as entry element | Quantitative ability -- NIFT/NID |
| 9 (RLIN) | 41140 |
| 650 ## - SUBJECT ADDED ENTRY--TOPICAL TERM | |
| Topical term or geographic name as entry element | General awareness |
| 9 (RLIN) | 22999 |
| 942 ## - ADDED ENTRY ELEMENTS (KOHA) | |
| Source of classification or shelving scheme | Dewey Decimal Classification |
| Koha item type | English Books |
| Classification part | 000 |
| Call number suffix | PRA |
| Withdrawn status | Lost status | Damaged status | Not for loan | Home library | Current library | Date acquired | Source of acquisition | Cost, normal purchase price | Total Checkouts | Full call number | Barcode | Date last seen | Copy number | Cost, replacement price | Price effective from | Koha item type |
|---|---|---|---|---|---|---|---|---|---|---|---|---|---|---|---|---|
| Central Library | Central Library | 30/07/2015 | Cen Lib/Ret | 225.00 | 000 PRA | A-948510 | 30/07/2015 | 1 | 225.00 | 30/07/2015 | English Books |
